Game development essentials : (Record no. 15029)
[ view plain ]
| 000 -LEADER | |
|---|---|
| fixed length control field | 01540cam a2200409 i 4500 |
| 001 - CONTROL NUMBER | |
| control field | 14833138 |
| 003 - CONTROL NUMBER IDENTIFIER | |
| control field | EG-ScBUE |
| 005 - DATE AND TIME OF LATEST TRANSACTION | |
| control field | 20230228031257.0 |
| 008 - FIXED-LENGTH DATA ELEMENTS--GENERAL INFORMATION | |
| fixed length control field | 070503t2008 nyua f b 001 0deng d |
| 020 ## - INTERNATIONAL STANDARD BOOK NUMBER | |
| International Standard Book Number | 9781418042080 (pbk.) |
| 020 ## - INTERNATIONAL STANDARD BOOK NUMBER | |
| International Standard Book Number | 1418042080 (pbk.) |
| 035 ## - SYSTEM CONTROL NUMBER | |
| System control number | (OCoLC)ocn124163049 |
| 035 ## - SYSTEM CONTROL NUMBER | |
| System control number | (OCoLC)124163049 |
| 040 ## - CATALOGING SOURCE | |
| Original cataloging agency | DLC |
| Language of cataloging | eng |
| Description conventions | rda |
| Transcribing agency | DLC |
| Modifying agency | BAKER |
| -- | BTCTA |
| -- | C#P |
| -- | YDXCP |
| -- | DLC |
| -- | EG-ScBUE |
| 082 04 - DEWEY DECIMAL CLASSIFICATION NUMBER | |
| Edition number | 22 |
| Classification number | 794.81536 |
| Item number | NOV |
| 100 1# - MAIN ENTRY--PERSONAL NAME | |
| Personal name | Novak, Jeannie, |
| Dates associated with a name | 1966- |
| Relator term | author. |
| 9 (RLIN) | 22642 |
| 245 10 - TITLE STATEMENT | |
| Title | Game development essentials : |
| Remainder of title | an introduction / |
| Statement of responsibility, etc | Jeannie Novak. |
| 250 ## - EDITION STATEMENT | |
| Edition statement | Second edition. |
| 264 #1 - PUBLICATION, DISTRIBUTION, ETC. (IMPRINT) | |
| Place of publication, distribution, etc | Clifton Park, NY : |
| Name of publisher, distributor, etc | Thomson/Delmar Learning, |
| Date of publication, distribution, etc | [2008] |
| 264 #4 - PUBLICATION, DISTRIBUTION, ETC. (IMPRINT) | |
| Date of publication, distribution, etc | c2008 |
| 300 ## - PHYSICAL DESCRIPTION | |
| Extent | xxvii, 435 pages : |
| Other physical details | illustrations (chiefly color) ; |
| Dimensions | 26 cm + |
| Accompanying material | 1 CD |
| 336 ## - CONTENT TYPE | |
| Source | rdacontent |
| Content type term | text |
| Content type code | txt |
| 336 ## - CONTENT TYPE | |
| Source | rdacontent |
| Content type term | sounds |
| Content type code | snd |
| 337 ## - MEDIA TYPE | |
| Source | rdamedia |
| Media type term | unmediated |
| Media type code | n |
| 337 ## - MEDIA TYPE | |
| Source | rdamedia |
| Media type term | audio |
| Media type code | s |
| 338 ## - CARRIER TYPE | |
| Source | rdacarrier |
| Carrier type term | volume |
| Carrier type code | nc |
| 338 ## - CARRIER TYPE | |
| Source | rdacarrier |
| Carrier type term | computer disc |
| Carrier type code | cd |
| 504 ## - BIBLIOGRAPHY, ETC. NOTE | |
| Bibliography, etc | Includes bibliographical references and index. |
| 650 #7 - SUBJECT ADDED ENTRY--TOPICAL TERM | |
| Topical term or geographic name as entry element | Computer games |
| General subdivision | Design. |
| Source of heading or term | BUEsh |
| 9 (RLIN) | 22643 |
| 650 #7 - SUBJECT ADDED ENTRY--TOPICAL TERM | |
| Topical term or geographic name as entry element | Computer games |
| General subdivision | Programming. |
| Source of heading or term | BUEsh |
| 9 (RLIN) | 22644 |
| 650 #7 - SUBJECT ADDED ENTRY--TOPICAL TERM | |
| 9 (RLIN) | 22645 |
| Topical term or geographic name as entry element | Video games |
| General subdivision | Design. |
| Source of heading or term | BUEsh |
| 655 ## - INDEX TERM--GENRE/FORM | |
| Form subdivision | Reading book |
| 856 41 - ELECTRONIC LOCATION AND ACCESS | |
| Materials specified | Table of contents only |
| Uniform Resource Identifier | <a href="http://www.loc.gov/catdir/toc/ecip0717/2007018643.html">http://www.loc.gov/catdir/toc/ecip0717/2007018643.html</a> |
| 942 ## - ADDED ENTRY ELEMENTS (KOHA) | |
| Source of classification or shelving scheme | Dewey Decimal Classification |
| Koha item type | Book - Borrowing |
| Withdrawn status | Lost status | Source of classification or shelving scheme | Damaged status | Not for loan | Collection code | Home library | Current library | Shelving location | Date acquired | Source of acquisition | Total Checkouts | Total Renewals | Full call number | Barcode | Date last seen | Date checked out | Price effective from | Koha item type |
|---|---|---|---|---|---|---|---|---|---|---|---|---|---|---|---|---|---|---|
| Dewey Decimal Classification | Baccah | Central Library | Central Library | Second Floor | 20/03/2011 | Purchase | 1 | 2 | 794.81536 NOV | 000022997 | 15/07/2025 | 13/10/2016 | 20/03/2011 | Book - Borrowing | ||||
| Dewey Decimal Classification | Baccah | Central Library | Central Library | Second Floor | 20/03/2011 | Purchase | 4 | 6 | 794.81536 NOV | 000022998 | 15/07/2025 | 29/10/2024 | 20/03/2011 | Book - Borrowing | ||||
| Dewey Decimal Classification | Baccah | Central Library | Central Library | Second Floor | 20/03/2011 | Purchase | 794.81536 NOV | 000022999 | 24/08/2022 | 20/03/2011 | NB - Book (Non borrowing) | |||||||
| Dewey Decimal Classification | Baccah | Central Library | Central Library | Second Floor | 20/03/2011 | Purchase | 794.81536 NOV | 000023000 | 24/08/2022 | 20/03/2011 | CD | DVD - With book (NB) | |||||||
| Dewey Decimal Classification | Baccah | Central Library | Central Library | Second Floor | 20/03/2011 | Purchase | 794.81536 NOV | 000023001 | 24/08/2022 | 20/03/2011 | CD | DVD - With book | |||||||
| Dewey Decimal Classification | Baccah | Central Library | Central Library | Second Floor | 20/03/2011 | Purchase | 794.81536 NOV | 000023002 | 24/08/2022 | 20/03/2011 | CD | DVD - With book |